| 000 | 01408nam a22003737a 4500 | ||
|---|---|---|---|
| 003 | CHAP | ||
| 005 | 20220329141443.0 | ||
| 008 | 971013s1988 r 00010 d | ||
| 010 | _a68408 | ||
| 011 | _a69380 | ||
| 035 | _a78856 | ||
| 040 | _cCHAP | ||
| 090 | _aTesis | ||
| 100 | 0 | 0 |
_aRodríguez Castro, Lorenzo Carlos. _998384 |
| 245 | _aEfecto residual del abonado con una interacción de estiércoles de cabra - vaca - gallina, después del sexto ciclo de incorporada al suelo, en algunas propiedades físicas y químicas del suelo y su influencia físicas y químicas del suelo... | ||
| 260 |
_aMarín, N. L. : _bEl autor, _c1988 |
||
| 300 | _a121 h. | ||
| 500 | _a29-43 | ||
| 502 | _aTesis (Ing. Agrónomo Fitotecnista) -- Univ. Autónoma de Nuevo León. Fac. de Agronomía | ||
| 590 |
_aALEPH _b10 _c20130110 _lUCH01 _h1405 |
||
| 590 |
_aBATCH-UPD _b10 _c20130110 _lUCH01 _h0552 |
||
| 590 |
_aBATCH-UPD _b10 _c20130410 _lUCH01 _h0233 |
||
| 590 |
_aBATCH-UPD _b10 _c20130913 _lUCH01 _h1856 |
||
| 590 |
_aCONVERSION _b10 _c20130109 _lUCH01 _h1338 |
||
| 650 | 1 | 4 |
_aAbonos _xEfecto en plantas. _9261 |
| 650 | 1 | 4 |
_aEstiércol de cabra. _938322 |
| 650 | 1 | 4 |
_aEstiércol de vaca. _938326 |
| 650 | 1 | 4 |
_aSuelos _xFísica de. _9110373 |
| 650 | 1 | 4 |
_aSuelos _xQuímica de. _9110470 |
| 650 | 1 | 4 |
_aTrigo _xRendimiento. _9115092 |
| 901 | _aBK | ||
| 942 | _cTESIS | ||
| 949 |
_bBC _cTES _d-31731 _eTS1 _h21232 _i78856 _si |
||
| 999 |
_c68408 _d68408 |
||